000 00292nam a2200109Ia 4500
008 220204s9999 xx 000 0 und d
082 _a330.34(540)
_bDES
100 _aDESHMUKH, C D
245 0 _aEconomic developments in India 1946-1956
260 _aBombay
_bAsia Pub house
_c1957
942 _cBK
999 _c20029
_d20029